Rita Ora's UK Singles Chart History - Statistics

General Stats
  • This quiz has been taken 9 times
  • The average score is 15 of 28
Answer Stats
Peak Position Song Weeks On Chart Debut Date % Correct
#1 R. I. P. 26 May 19th 2012
100%
#2 Anywhere 32 Nov 2nd 2017
71%
#4 Black Widow 27 May 3rd 2014
71%
#22 Body On Me 14 Aug 20th 2015
71%
#1 I Will Never Let You Down 25 May 24th 2014
71%
#4 Let You Love Me 27 Oct 4th 2018
71%
#3 Poison 14 Jul 9th 2015
71%
#18 Radioactive 10 Jan 26th 2013
71%
#7 Your Song 29 Jun 8th 2017
71%
#8 Doing It 11 Feb 21st 2015
57%
#22 Girls 10 May 24th 2018
57%
#1 Hot Right Now 36 Feb 26th 2012
57%
#1 How We Do (Party) 19 Aug 25th 2012
57%
#23 You For Me 13 Jul 15th 2021
57%
#53 Big 1 Feb 25th 2021
43%
#15 Coming Home 22 Nov 19th 2015
43%
#8 For You (Fifty Shades Freed) 20 Jan 18th 2018
43%
#57 How To Be Lonely 7 Mar 26th 2020
43%
#4 Lonely Together 26 Aug 24th 2017
43%
#60 Only Want You 11 Dec 6th 2018
43%
#24 Ritual 19 Jun 13th 2019
43%
#10 Shine Ya Light 10 Nov 10th 2012
43%
#57 You Only Love Me 3 Feb 16th 2023
43%
#18 Lay Down Your Weapons 3 Mar 23rd 2013
29%
#29 New York Raining 5 Jun 6th 2015
29%
#54 Young, Single & Sexy 2 Sep 8th 2012
29%
#26 Carry On 10 May 2nd 2019
14%
#44 Drinkin' 7 Sep 7th 2023
14%
No matching quizzes found
Score Distribution
Percent of People with Each Score
Percentile by Number Answered
Your Score History
You have not taken this quiz